[Event "CZE-chT 2122"]
[Site "Czech Republic"]
[Date "2021.10.17"]
[Round "2.5"]
[White "Sharashenidze, Akaki"]
[Black "Mladek, Richard"]
[Result "0-1"]
[WhiteElo "2346"]
[BlackElo "2365"]
[PlyCount "140"]
[EventDate "2021.10.15"]
[EventType "team-tourn"]
[EventRounds "15"]
[EventCountry "CZE"]
[SourceTitle "CBM 204 Extra"]
[Source "ChessBase"]
[SourceDate "2021.11.30"]
[SourceVersion "1"]
[SourceVersionDate "2021.11.30"]
[SourceQuality "1"]
[WhiteTeam "Ingem Line"]
[BlackTeam "Kromeriz Slavia"]
[WhiteTeamCountry "CZE"]
[BlackTeamCountry "CZE"]

1. e4 c5 2. Nf3 d6 3. Bb5+ Nd7 4. 0-0 a6 5. Bd3 Ngf6 6. Re1 e6 7. c3 b5 8. Bc2 Bb7 9. d3 Be7 10. Nbd2 0-0 11. Nf1 Qc7 12. Ng3 Rfe8 13. Bg5 Bf8 14. h3 Rac8 15. Rc1 a5 16. Bb1 h6 17. Bd2 Qb6 18. Nh2 b4 19. Nh5 g6 20. Ng3 Bg7 21. f4 bxc3 22. bxc3 c4+ 23. Be3 Nc5 24. Bxc5 Rxc5 25. d4 Rb5 26. f5 e5 27. fxg6 fxg6 28. Nf3 Rb2 29. Kh2 h5 30. dxe5 dxe5 31. Rc2 Rxc2 32. Qxc2 Bh6 33. Nf1 Bc6 34. Qe2 Qc5 35. N1d2 Bb5 36. a4 Ba6 37. Ba2 Rc8 38. Rf1 Nd7 39. h4 Nf6 40. Ng5 Ng4+ 41. Kh1 Bxg5 42. hxg5 Kg7 43. Nf3 Rd8 44. Ne1 Qe3 45. Qf3 Qxg5 46. Qf7+ Kh6 47. Nf3 Qf4 48. Qxf4+ exf4 49. Nd4 Rb8 50. Nb5 Bxb5 51. axb5 Ne5 52. Rxf4 Rxb5 53. Rf2 a4 54. Kg1 Rb3 55. Rc2 Kg5 56. g3 a3 57. Kf2 Rb2 58. Rxb2 axb2 59. Ke3 Kf6 60. Kd4 g5 61. Ke3 h4 62. gxh4 gxh4 63. Kf4 Nd3+ 64. Kg4 Ke5 65. Kxh4 Kxe4 66. Kg5 Ke3 67. Kf5 Kd2 68. Ke4 Kxc3 69. Bb1 Nc5+ 70. Kd5 Nb3 0-1

[Event "AUT-chT2O 1920"]
[Site "Austria"]
[Date "2020.03.01"]
[Round "9.1"]
[White "Mikes, Jan"]
[Black "Sharashenidze, Akaki"]
[Result "1-0"]
[WhiteElo "2355"]
[BlackElo "2373"]
[PlyCount "67"]
[EventDate "2019.10.19"]
[EventType "team-tourn"]
[EventRounds "11"]
[EventCountry "AUT"]
[SourceTitle "CBM 195 Extra"]
[Source "ChessBase"]
[SourceDate "2020.05.31"]
[SourceVersion "1"]
[SourceVersionDate "2020.05.31"]
[SourceQuality "1"]
[WhiteTeam "Mistelbach/Altlichtenwarth"]
[BlackTeam "Baden Invest"]
[WhiteTeamCountry "AUT"]
[BlackTeamCountry "AUT"]

1. e4 e5 2. Nf3 Nf6 3. d4 Nxe4 4. Bd3 d5 5. Nxe5 Nf6 6. 0-0 Be7 7. Re1 0-0 8. Nd2 Re8 9. Ndf3 h6 10. c4 Nbd7 11. c5 Nxe5 12. Nxe5 Be6 13. b4 Nd7 14. Bf4 Nxe5 15. Bxe5 Bf6 16. Bc2 Bxe5 17. Rxe5 f6 18. Re1 Bf7 19. Qd3 Qd7 20. Qh7+ Kf8 21. a4 Rxe1+ 22. Rxe1 Re8 23. Rxe8+ Qxe8 24. Kf1 Qe6 25. Qh8+ Bg8 26. Bh7 f5 27. h4 c6 28. h5 a6 29. Kg1 Qf7 30. a5 Qe6 31. Kh2 Qf7 32. Kg3 Qf6 33. Qxg8+ Ke7 34. Bxf5 1-0

[Event "AUT-chT2O 1920"]
[Site "Austria"]
[Date "2020.02.29"]
[Round "8.1"]
[White "Sharashenidze, Akaki"]
[Black "Lipka, Juraj"]
[Result "1/2-1/2"]
[WhiteElo "2373"]
[BlackElo "2405"]
[PlyCount "63"]
[EventDate "2019.10.19"]
[EventType "team-tourn"]
[EventRounds "11"]
[EventCountry "AUT"]
[SourceTitle "CBM 195 Extra"]
[Source "ChessBase"]
[SourceDate "2020.05.31"]
[SourceVersion "1"]
[SourceVersionDate "2020.05.31"]
[SourceQuality "1"]
[WhiteTeam "Baden Invest"]
[BlackTeam "Pamhagen"]
[WhiteTeamCountry "AUT"]
[BlackTeamCountry "AUT"]

1. e4 d5 2. exd5 Qxd5 3. Nc3 Qd8 4. d4 Nf6 5. h3 c6 6. Nf3 Bf5 7. Bd3 Bxd3 8. Qxd3 e6 9. 0-0 Nbd7 10. Ne4 Qc7 11. c3 Be7 12. Nxf6+ Nxf6 13. a4 0-0 14. Bg5 c5 15. dxc5 Rfd8 16. Qe2 Qxc5 17. Rfd1 Nd5 18. Bxe7 Nxe7 19. Rxd8+ Rxd8 20. Rd1 Rxd1+ 21. Qxd1 Nd5 22. Qd4 Qxd4 23. Nxd4 Nb6 24. b3 a6 25. Kf1 Kf8 26. g3 Nd5 27. Ne2 Ke7 28. Ke1 Kd6 29. Kd2 Ne7 30. Nd4 e5 31. Nc2 f5 32. Ne3 1/2-1/2

[Event "CZE-chT1W 1819"]
[Site "Czech Republic"]
[Date "2019.03.24"]
[Round "10.2"]
[White "Vrana, Jan"]
[Black "Sharashenidze, Akaki"]
[Result "1/2-1/2"]
[WhiteElo "2346"]
[BlackElo "2354"]
[PlyCount "22"]
[EventDate "2018.10.21"]
[EventType "team-tourn"]
[EventRounds "11"]
[EventCountry "CZE"]
[SourceTitle "CBM 189 Extra"]
[Source "ChessBase"]
[SourceDate "2019.06.03"]
[SourceVersion "1"]
[SourceVersionDate "2019.06.03"]
[SourceQuality "1"]
[WhiteTeam "Polabiny"]
[BlackTeam "Kozolupy"]
[WhiteTeamCountry "CZE"]
[BlackTeamCountry "CZE"]

1. e4 e5 2. Nc3 Nf6 3. g3 Bc5 4. Bg2 0-0 5. d3 d6 6. Be3 Bxe3 7. fxe3 c6 8. Qd2 d5 9. 0-0-0 dxe4 10. Nxe4 Nxe4 11. Bxe4 Be6 1/2-1/2

[Event "Prague op"]
[Site "Prague"]
[Date "2019.03.14"]
[Round "7"]
[White "Souleidis, Georgios"]
[Black "Sharashenidze, Akaki"]
[Result "1/2-1/2"]
[WhiteElo "2423"]
[BlackElo "2353"]
[PlyCount "119"]
[EventDate "2019.03.09"]
[EventType "swiss"]
[EventRounds "9"]
[EventCountry "CZE"]
[SourceTitle "CBM 189 Extra"]
[Source "ChessBase"]
[SourceDate "2019.06.03"]
[SourceVersion "1"]
[SourceVersionDate "2019.06.03"]
[SourceQuality "1"]

1. e4 e5 2. Nf3 Nf6 3. Nxe5 d6 4. Nd3 Nxe4 5. Qe2 Qe7 6. Nf4 c6 7. f3 Nf6 8. d4 Qxe2+ 9. Bxe2 d5 10. Bd3 Bd6 11. Ne2 Nbd7 12. Bf4 Bxf4 13. Nxf4 Nf8 14. Nc3 Ng6 15. Nce2 Bd7 16. h4 0-0-0 17. Kf2 Nxf4 18. Nxf4 h6 19. h5 Ne8 20. g4 Nc7 21. Rhg1 Ne6 22. Nxe6 Bxe6 23. Rae1 Kd7 24. f4 Kd6 25. Re3 Bd7 26. Reg3 f6 27. Bg6 Be8 28. Bf5 Bf7 29. Ra3 Ra8 30. Re1 Rhe8 31. Rxe8 Bxe8 32. Re3 Bf7 33. Bg6 Bxg6 34. hxg6 Kd7 35. Kf3 Re8 36. Ra3 a6 37. Rb3 Kc7 38. Re3 Rxe3+ 39. Kxe3 Kd6 40. f5 b6 41. b4 c5 42. c3 a5 43. bxc5+ bxc5 44. dxc5+ Kxc5 45. Kd3 a4 46. a3 Kc6 47. Kd4 Kd6 48. c4 dxc4 49. Kxc4 Ke5 50. Kc5 h5 51. gxh5 Kxf5 52. Kb4 Kg5 53. Kxa4 Kxh5 54. Kb3 f5 55. Kc2 Kg4 56. Kd2 Kg3 57. Ke2 Kg2 58. Ke3 Kg3 59. Ke2 Kg2 60. Ke3 1/2-1/2

[Event "Prague op"]
[Site "Prague"]
[Date "2019.03.11"]
[Round "4"]
[White "Kriebel, Tadeas"]
[Black "Sharashenidze, Akaki"]
[Result "1-0"]
[WhiteElo "2507"]
[BlackElo "2353"]
[PlyCount "113"]
[EventDate "2019.03.09"]
[EventType "swiss"]
[EventRounds "9"]
[EventCountry "CZE"]
[SourceTitle "CBM 189 Extra"]
[Source "ChessBase"]
[SourceDate "2019.06.03"]
[SourceVersion "1"]
[SourceVersionDate "2019.06.03"]
[SourceQuality "1"]

1. e4 e5 2. Nf3 Nf6 3. Nxe5 d6 4. Nf3 Nxe4 5. Qe2 Qe7 6. d3 Nf6 7. Bg5 Qxe2+ 8. Bxe2 Be7 9. Nc3 c6 10. 0-0-0 Na6 11. Rhe1 Nc7 12. Ne4 Nxe4 13. dxe4 Bxg5+ 14. Nxg5 Ke7 15. f4 f6 16. Nf3 g6 17. c4 Be6 18. b3 a5 19. Nd4 Bf7 20. Bf3 Ne6 21. Nf5+ gxf5 22. exf5 Kd7 23. fxe6+ Bxe6 24. Rd2 a4 25. Kb2 h5 26. Red1 Bg4 27. Rxd6+ Kc7 28. Bxg4 hxg4 29. Rxf6 Rxh2 30. Rf7+ Kb6 31. Rd2 a3+ 32. Kc3 Re8 33. Kb4 Re3 34. Rg7 g3 35. f5 Rh8 36. Kxa3 Rf8 37. Rg5 Ra8+ 38. Kb2 Rf8 39. a4 Ka6 40. Ka3 Rf7 41. Rd8 Kb6 42. Rdg8 Re2 43. Rxg3 Rxf5 44. R3g5 Rff2 45. Kb4 Rb2 46. R8g6 Ka6 47. Ra5+ Kb6 48. c5+ Kc7 49. Rg7+ Kb8 50. Rg8+ Kc7 51. Raa8 Rxg2 52. Rgd8 b5 53. Ka5 Kb7 54. Ra6 Kc7 55. Rda8 Kd7 56. R8a7+ Kd8 57. Rh7 1-0

[Event "Prague op"]
[Site "Prague"]
[Date "2019.03.10"]
[Round "3"]
[White "Sharashenidze, Akaki"]
[Black "Rasik, Vitezslav"]
[Result "1/2-1/2"]
[WhiteElo "2353"]
[BlackElo "2463"]
[PlyCount "26"]
[EventDate "2019.03.09"]
[EventType "swiss"]
[EventRounds "9"]
[EventCountry "CZE"]
[SourceTitle "CBM 189 Extra"]
[Source "ChessBase"]
[SourceDate "2019.06.03"]
[SourceVersion "1"]
[SourceVersionDate "2019.06.03"]
[SourceQuality "1"]

1. e4 d6 2. d4 g6 3. Nc3 Bg7 4. Nf3 Nf6 5. Be2 0-0 6. 0-0 e6 7. Bg5 h6 8. Be3 Nc6 9. h3 b6 10. Nh2 Bb7 11. f4 Ne7 12. Bf3 c5 13. Ng4 Nxg4 1/2-1/2

[Event "CZE-chT1W 1819"]
[Site "Czech Republic"]
[Date "2019.03.03"]
[Round "9.2"]
[White "Sharashenidze, Akaki"]
[Black "Dolezal, Radoslav"]
[Result "1/2-1/2"]
[WhiteElo "2354"]
[BlackElo "2357"]
[PlyCount "31"]
[EventDate "2018.10.21"]
[EventType "team-tourn"]
[EventRounds "11"]
[EventCountry "CZE"]
[SourceTitle "CBM 189 Extra"]
[Source "ChessBase"]
[SourceDate "2019.06.03"]
[SourceVersion "1"]
[SourceVersionDate "2019.06.03"]
[SourceQuality "1"]
[WhiteTeam "Kozolupy"]
[BlackTeam "Pankrac"]
[WhiteTeamCountry "CZE"]
[BlackTeamCountry "CZE"]

1. e4 e5 2. Nf3 Nc6 3. Nc3 Nf6 4. Bb5 Bb4 5. 0-0 0-0 6. d3 d6 7. Bg5 Bxc3 8. bxc3 Qe7 9. Re1 Nd8 10. d4 Ne6 11. Bc1 Rd8 12. Qe2 Nf8 13. Nh4 c6 14. Bd3 Re8 15. Ba3 Qc7 16. Qe3 1/2-1/2

[Event "AUT-chT2O 1718"]
[Site "Austria"]
[Date "2017.11.19"]
[Round "4.2"]
[White "Kummer, Helmut"]
[Black "Sharashenidze, Akaki"]
[Result "0-1"]
[WhiteElo "2297"]
[BlackElo "2350"]
[PlyCount "66"]
[EventDate "2017.10.21"]
[EventType "team-tourn"]
[EventRounds "11"]
[EventCountry "AUT"]
[SourceTitle "CBM 181 Extra"]
[Source "ChessBase"]
[SourceDate "2017.12.12"]
[SourceVersion "1"]
[SourceVersionDate "2017.12.12"]
[SourceQuality "1"]
[WhiteTeam "Donaustadt"]
[BlackTeam "Baden Invest"]
[WhiteTeamCountry "AUT"]
[BlackTeamCountry "AUT"]

1. d4 d6 2. c4 e5 3. Nc3 exd4 4. Qxd4 Nc6 5. Qd2 Nf6 6. b3 a5 7. a3 Be6 8. Nd5 Ne5 9. Nf3 a4 10. Bb2 axb3 11. e3 c6 12. Nxf6+ gxf6 13. Rc1 Rg8 14. Nd4 d5 15. cxd5 Qxd5 16. f4 Nd7 17. f5 Bxf5 18. Nxf5 Qxf5 19. Bd3 Qh5 20. 0-0 Bd6 21. g3 Ke7 22. Qf2 Qh6 23. Kg2 Rg5 24. Rc4 Rh5 25. Re4+ Ne5 26. h4 Rg8 27. Qf4 Qg7 28. Be2 Rh6 29. Bc4 Rg6 30. Rf3 Kd8 31. h5 Rg4 32. Qxf6+ Qxf6 33. Rxf6 Rxe4 0-1

[Event "AUT-chT2O 1718"]
[Site "Austria"]
[Date "2017.11.18"]
[Round "3.2"]
[White "Sharashenidze, Akaki"]
[Black "Ehs, Dominik"]
[Result "1-0"]
[WhiteElo "2350"]
[BlackElo "2080"]
[PlyCount "139"]
[EventDate "2017.10.21"]
[EventType "team-tourn"]
[EventRounds "11"]
[EventCountry "AUT"]
[SourceTitle "CBM 181 Extra"]
[Source "ChessBase"]
[SourceDate "2017.12.12"]
[SourceVersion "1"]
[SourceVersionDate "2017.12.12"]
[SourceQuality "1"]
[WhiteTeam "Baden Invest"]
[BlackTeam "Mostarrichi"]
[WhiteTeamCountry "AUT"]
[BlackTeamCountry "AUT"]

1. e4 c5 2. Nf3 e6 3. c3 Nf6 4. e5 Nd5 5. d4 cxd4 6. cxd4 b6 7. Nc3 Nxc3 8. bxc3 Qc7 9. Bd2 Bb7 10. Bd3 d6 11. 0-0 Nd7 12. Re1 Be7 13. Bf4 h6 14. Rc1 0-0 15. Bb1 Rfe8 16. Qd3 Nf8 17. Qe3 Bxf3 18. Qxf3 dxe5 19. dxe5 Bg5 20. Bxg5 hxg5 21. Qg3 Qe7 22. Re4 f5 23. exf6 gxf6 24. Rg4 Qa3 25. Qe3 Qc5 26. Qxc5 bxc5 27. h4 Nd7 28. hxg5 f5 29. Ra4 Nb6 30. Ra5 c4 31. Kh2 Red8 32. Re5 Kf7 33. Kg3 Rd5 34. Re2 Rad8 35. Rce1 R8d6 36. g6+ Kxg6 37. Rxe6+ Rxe6 38. Rxe6+ Kf7 39. Rc6 Rb5 40. Bc2 Ra5 41. a4 Nxa4 42. Rxc4 Nb6 43. Rc6 Ke7 44. Kf3 Nd5 45. Bb3 Nb6 46. Kf4 Kd7 47. Rf6 Ra3 48. Bg8 Ke8 49. Rxf5 Rxc3 50. g4 Nc8 51. Ra5 Ne7 52. Bh7 Nc6 53. Ra6 Rc4+ 54. Kg3 Kf8 55. f3 Rc3 56. Be4 Nd4 57. Rxa7 Ne2+ 58. Kf2 Nd4 59. Ra6 Nb5 60. Rb6 Nc7 61. Rc6 Rxc6 62. Bxc6 Kg7 63. Kg3 Ne6 64. Bd5 Nc7 65. Bc4 Ne8 66. f4 Kf6 67. g5+ Ke7 68. Kg4 Ng7 69. f5 Ne8 70. Bb3 1-0

[Event "AUT-chT2O 1617"]
[Site "Austria"]
[Date "2017.04.02"]
[Round "11.2"]
[White "Sharashenidze, Akaki"]
[Black "Janetschek, Karl"]
[Result "0-1"]
[WhiteElo "2343"]
[BlackElo "2184"]
[PlyCount "84"]
[EventDate "2016.10.15"]
[EventType "team-tourn"]
[EventRounds "11"]
[EventCountry "AUT"]
[SourceTitle "CBM 177 Extra"]
[Source "ChessBase"]
[SourceDate "2017.04.27"]
[SourceVersion "1"]
[SourceVersionDate "2017.04.27"]
[SourceQuality "1"]
[WhiteTeam "Baden Invest"]
[BlackTeam "Hietzing"]
[WhiteTeamCountry "AUT"]
[BlackTeamCountry "AUT"]

1. Nf3 c5 2. g3 g6 3. Bg2 Bg7 4. 0-0 Nc6 5. c4 e5 6. Nc3 Nge7 7. a3 d6 8. Rb1 a5 9. d3 0-0 10. Ne1 Be6 11. Nc2 d5 12. cxd5 Nxd5 13. Ne3 Nb6 14. Bxc6 bxc6 15. Na4 Nxa4 16. Qxa4 Qb6 17. Nc4 Qb5 18. Qc2 a4 19. b4 axb3 20. Rxb3 Qa4 21. Be3 Rab8 22. Rfb1 Rb5 23. Kf1 e4 24. Ke1 exd3 25. exd3 Rd8 26. Qa2 h6 27. Qc2 Kh7 28. R1b2 Bxb2 29. Rxb2 Qxc2 30. Rxc2 Rxd3 31. a4 Rbb3 32. Bd2 Rd4 33. Ne3 c4 34. a5 Ra3 35. Bb4 Ra4 36. Bc3 Rd3 37. Ke2 Bf5 38. Nxf5 gxf5 39. Bd2 Kg6 40. h4 h5 41. Bc3 f4 42. Be1 f3+ 0-1

[Event "CZE-chT1W 1617"]
[Site "Czech Republic"]
[Date "2017.02.05"]
[Round "7.3"]
[White "Sharashenidze, Akaki"]
[Black "Cech, Pavel"]
[Result "1-0"]
[WhiteElo "2343"]
[BlackElo "2355"]
[PlyCount "121"]
[EventDate "2016.10.16"]
[EventType "team-tourn"]
[EventRounds "11"]
[EventCountry "CZE"]
[SourceTitle "CBM 177 Extra"]
[Source "ChessBase"]
[SourceDate "2017.04.27"]
[SourceVersion "1"]
[SourceVersionDate "2017.04.27"]
[SourceQuality "1"]
[WhiteTeam "Praha Grop"]
[BlackTeam "Turnov Zikuda"]
[WhiteTeamCountry "CZE"]
[BlackTeamCountry "CZE"]

1. Nf3 d5 2. g3 Nf6 3. Bg2 c6 4. 0-0 Bf5 5. d3 e6 6. Nbd2 Be7 7. b3 h6 8. Bb2 0-0 9. c4 Nbd7 10. a3 a5 11. Qe1 Bh7 12. Ne5 Nxe5 13. Bxe5 Nd7 14. Bc3 Bf6 15. Qc1 d4 16. Bb2 Qb6 17. Qc2 Nc5 18. Rfb1 Na6 19. Bc1 e5 20. Be4 Be7 21. Bxh7+ Kxh7 22. Nf3 Bd6 23. e3 c5 24. Qe2 Rae8 25. Nh4 dxe3 26. fxe3 e4 27. Bb2 Be5 28. dxe4 Bxb2 29. Qxb2 Qc6 30. Nf5 f6 31. Rf1 Qxe4 32. Rad1 Re5 33. Rf4 Qc6 34. Qc2 Kh8 35. Nh4 f5 36. Rxf5 Rexf5 37. Nxf5 Qe6 38. e4 Nc7 39. Qd3 Re8 40. Qc3 Qe5 41. Qxe5 Rxe5 42. Rd8+ Kh7 43. Rd7 Ne6 44. Re7 Rxe4 45. Nxg7 Ng5 46. Ne6+ Kg6 47. Nf4+ Kf5 48. Rxb7 Re1+ 49. Kf2 Rb1 50. Ke3 a4 51. b4 cxb4 52. Rxb4 Rxb4 53. axb4 a3 54. Ne2 a2 55. Nd4+ Kg4 56. Nc2 Kh3 57. b5 Ne6 58. b6 Nd8 59. Kd4 Kxh2 60. Kd5 Kxg3 61. c5 1-0

[Event "AUT-chT2O 1617"]
[Site "Austria"]
[Date "2017.01.14"]
[Round "6.6"]
[White "Sharashenidze, Akaki"]
[Black "Higatsberger, Michael"]
[Result "1-0"]
[WhiteElo "2343"]
[BlackElo "2159"]
[PlyCount "57"]
[EventDate "2016.10.15"]
[EventType "team-tourn"]
[EventRounds "11"]
[EventCountry "AUT"]
[SourceTitle "CBM 177 Extra"]
[Source "ChessBase"]
[SourceDate "2017.04.27"]
[SourceVersion "1"]
[SourceVersionDate "2017.04.27"]
[SourceQuality "1"]
[WhiteTeam "Baden Invest"]
[BlackTeam "Austria"]
[WhiteTeamCountry "AUT"]
[BlackTeamCountry "AUT"]

1. Nf3 d5 2. g3 Nf6 3. Bg2 c6 4. 0-0 Bg4 5. b3 e6 6. Bb2 Nbd7 7. d3 Bd6 8. Nbd2 0-0 9. c4 Qe7 10. Qc2 h6 11. Rfe1 a5 12. a3 Rfd8 13. e4 dxe4 14. dxe4 e5 15. h3 Be6 16. Nf1 Nh7 17. Ne3 Ng5 18. Nxg5 Qxg5 19. Bc3 Bc5 20. h4 Qe7 21. Qb2 Bd4 22. Bxd4 exd4 23. Nd5 cxd5 24. exd5 Qf6 25. dxe6 fxe6 26. Rxe6 Qf8 27. Bd5 Kh8 28. Qxd4 Nf6 29. Rae1 1-0

[Event "CZE-chT1W 1516"]
[Site "Czech Republic"]
[Date "2016.03.20"]
[Round "10.4"]
[White "Netusil, Miloslav"]
[Black "Sharashenidze, Akaki"]
[Result "0-1"]
[WhiteElo "2302"]
[BlackElo "2321"]
[PlyCount "80"]
[EventDate "2015.10.11"]
[EventType "team-tourn"]
[EventRounds "11"]
[EventCountry "CZE"]
[SourceTitle "EXT 2017"]
[Source "ChessBase"]
[SourceDate "2016.10.25"]
[SourceVersion "1"]
[SourceVersionDate "2016.10.25"]
[SourceQuality "1"]
[WhiteTeam "Praha Vysehrad"]
[BlackTeam "Praha Grop"]
[WhiteTeamCountry "CZE"]
[BlackTeamCountry "CZE"]

1. d4 d5 2. c4 c6 3. Nf3 Nf6 4. Nc3 a6 5. cxd5 cxd5 6. Bf4 e6 7. e3 Be7 8. Bd3 0-0 9. Ne5 b5 10. g4 Bb7 11. Qf3 Nbd7 12. Nxd7 Nxd7 13. 0-0 Nb6 14. b3 Ba3 15. Ne2 Rc8 16. Qh3 g6 17. Qg3 Nd7 18. g5 Qe7 19. Rab1 Rfe8 20. h4 Nb8 21. h5 Nc6 22. hxg6 fxg6 23. Kh2 Rcd8 24. Rbd1 e5 25. dxe5 Nxe5 26. Bb1 d4 27. Bxe5 Qxe5 28. Qxe5 Rxe5 29. Rxd4 Rxd4 30. Nxd4 Rxg5 31. e4 Bd6+ 32. f4 Rg4 33. Ne2 g5 34. Kh3 h5 35. Rf2 Bc8 36. f5 Bb7 37. a4 b4 38. f6 Bxe4 39. Bxe4 Rxe4 40. Kg2 Kf7 0-1

[Event "AUT-chT2O 1516"]
[Site "Austria"]
[Date "2015.10.17"]
[Round "1.2"]
[White "Sharashenidze, Akaki"]
[Black "Loeffler, Stefan"]
[Result "1-0"]
[WhiteElo "2321"]
[BlackElo "2386"]
[PlyCount "81"]
[EventDate "2015.10.17"]
[EventType "team-tourn"]
[EventRounds "11"]
[EventCountry "AUT"]
[SourceTitle "CBM 168 Extra"]
[Source "ChessBase"]
[SourceDate "2015.10.29"]
[SourceVersion "1"]
[SourceVersionDate "2015.10.29"]
[SourceQuality "1"]
[WhiteTeam "Baden Invest"]
[BlackTeam "Poechlarn"]
[WhiteTeamCountry "AUT"]
[BlackTeamCountry "AUT"]

1. e4 Nf6 2. e5 Nd5 3. d4 d6 4. Nf3 dxe5 5. Nxe5 c6 6. c4 Nb4 7. Be3 Bf5 8. Nd3 e5 9. Nxb4 Bxb4+ 10. Nc3 Qa5 11. Qc1 exd4 12. Bxd4 0-0 13. Be2 Re8 14. 0-0 Bc5 15. Rd1 Na6 16. Qg5 Bxd4 17. Rxd4 f6 18. Qf4 Re7 19. Rad1 Rae8 20. Bf1 Bc2 21. R1d2 Bg6 22. Rd7 Rxd7 23. Rxd7 Nc5 24. Rd1 Qb4 25. Qd2 a5 26. f3 a4 27. a3 Qb3 28. Qf2 Ne6 29. c5 Ra8 30. f4 Bf5 31. h3 h5 32. Rd2 Ra5 33. Be2 Rxc5 34. g4 Rxc3 35. bxc3 hxg4 36. hxg4 Be4 37. Qe3 Bd5 38. Bd1 Qxa3 39. Rxd5 cxd5 40. Qxe6+ Kh8 41. Qe8+ 1-0

[Event "CZE-chT1W 1516"]
[Site "Czech Republic"]
[Date "2015.10.11"]
[Round "1.3"]
[White "Sharashenidze, Akaki"]
[Black "Juptner, Jan"]
[Result "1/2-1/2"]
[WhiteElo "2321"]
[BlackElo "2322"]
[PlyCount "88"]
[EventDate "2015.10.11"]
[EventType "team-tourn"]
[EventRounds "11"]
[EventCountry "CZE"]
[SourceTitle "CBM 169 Extra"]
[Source "ChessBase"]
[SourceDate "2015.12.18"]
[SourceVersion "1"]
[SourceVersionDate "2015.12.18"]
[SourceQuality "1"]
[WhiteTeam "Praha Grop"]
[BlackTeam "Hradec Kralove"]
[WhiteTeamCountry "CZE"]
[BlackTeamCountry "CZE"]

1. e4 c5 2. Nf3 d6 3. Bb5+ Nc6 4. 0-0 Bd7 5. Re1 Nf6 6. c3 a6 7. Bf1 Bg4 8. h3 Bxf3 9. Qxf3 g6 10. Qd1 Bh6 11. d3 Bxc1 12. Qxc1 0-0 13. Nd2 e5 14. Nf3 Kg7 15. Qe3 Rc8 16. a3 Re8 17. Be2 d5 18. Bd1 d4 19. cxd4 Nxd4 20. Nxd4 Qxd4 21. Qxd4 cxd4 22. Kf1 Re6 23. Ke2 h5 24. Ba4 b5 25. Bb3 Rec6 26. Kd2 Nd7 27. Rec1 Rxc1 28. Rxc1 Rxc1 29. Kxc1 Nc5 30. Kc2 a5 31. Bd5 b4 32. axb4 axb4 33. g3 f5 34. f4 fxe4 35. dxe4 h4 36. gxh4 exf4 37. e5 Kf8 38. Kd2 Ke7 39. Ke2 Nd7 40. Kf3 Nxe5+ 41. Kxf4 Nd3+ 42. Ke4 Nxb2 43. Kxd4 Kf6 44. Bb3 Kg7 1/2-1/2